[Event "BEL-ch U20"]
[Site "Worriken Buetgenbach"]
[Date "2004.04.11"]
[Round "9.9"]
[White "Tonneau, Francois"]
[Black "Pieroni, Severino"]
[Result "1-0"]
[WhiteElo "1494"]
[BlackElo "1402"]
[PlyCount "57"]
[EventDate "2004.04.03"]
[EventType "swiss"]
[EventRounds "9"]
[EventCountry "BEL"]
[SourceTitle "EXT 2006"]
[Source "ChessBase"]
[SourceDate "2005.11.24"]
[SourceVersion "1"]
[SourceVersionDate "2005.11.24"]
[SourceQuality "1"]

1. e4 c5 2. Nf3 Nc6 3. d4 cxd4 4. Nxd4 Nf6 5. Nc3 d6 6. Be3 g6 7. Bd3 Bg7 8. Nde2 0-0 9. Qd2 a6 10. Bh6 Bd7 11. f3 Ne5 12. Bxg7 Kxg7 13. h4 h5 14. Nf4 Bc6 15. Be2 Qc7 16. Nfd5 Nxd5 17. Nxd5 Bxd5 18. exd5 Rac8 19. c3 f5 20. Rg1 Qb6 21. 0-0-0 Qa5 22. Kb1 Qb6 23. g4 fxg4 24. fxg4 hxg4 25. Bxg4 Rc4 26. Be6 Nf3 27. Rxg6+ Kxg6 28. Qd3+ Kh5 29. Qh7# 1-0

[Event "BEL-ch U20"]
[Site "Worriken Buetgenbach"]
[Date "2004.04.07"]
[Round "5.7"]
[White "Vandenbussche, Thibaut"]
[Black "Tonneau, Francois"]
[Result "1-0"]
[WhiteElo "2206"]
[BlackElo "1486"]
[PlyCount "53"]
[EventDate "2004.04.03"]
[EventType "swiss"]
[EventRounds "9"]
[EventCountry "BEL"]
[SourceTitle "EXT 2006"]
[Source "ChessBase"]
[SourceDate "2005.11.24"]
[SourceVersion "1"]
[SourceVersionDate "2005.11.24"]
[SourceQuality "1"]

1. e4 e6 2. d4 d5 3. Nc3 Bb4 4. e5 c5 5. a3 Bxc3+ 6. bxc3 Qc7 7. Qg4 f5 8. Qh5+ g6 9. Qd1 cxd4 10. cxd4 Qc3+ 11. Bd2 Qxd4 12. Nf3 Qb6 13. h4 h6 14. c4 dxc4 15. Bxc4 Nc6 16. 0-0 Bd7 17. Rb1 Qc7 18. Qb3 Kf7 19. Qxb7 Rc8 20. Rfd1 Nge7 21. Bxh6 Nxe5 22. Nxe5+ Qxe5 23. Rxd7 Qc5 24. Rxe7+ Qxe7 25. Bxe6+ Ke8 26. Qxc8+ Qd8 27. Qc6+ 1-0

[Event "BEL-ch U20"]
[Site "Worriken Buetgenbach"]
[Date "2004.04.04"]
[Round "2.9"]
[White "Tonneau, Francois"]
[Black "De Wolf, Jelle"]
[Result "0-1"]
[WhiteElo "1486"]
[BlackElo "1306"]
[PlyCount "154"]
[EventDate "2004.04.03"]
[EventType "swiss"]
[EventRounds "9"]
[EventCountry "BEL"]
[SourceTitle "EXT 2006"]
[Source "ChessBase"]
[SourceDate "2005.11.24"]
[SourceVersion "1"]
[SourceVersionDate "2005.11.24"]
[SourceQuality "1"]

1. e4 e5 2. Nf3 Nc6 3. Bb5 Bc5 4. 0-0 Nge7 5. c3 a6 6. Ba4 b5 7. Bb3 0-0 8. d4 Bb6 9. Re1 d6 10. h3 Na5 11. Bc2 Ng6 12. Nbd2 Bb7 13. Nf1 h6 14. Ng3 Bc8 15. Be3 Nc4 16. Qd3 Nxb2 17. Qe2 Ba5 18. Bd2 Nc4 19. Red1 Nxd2 20. Qxd2 Qe7 21. Qe3 Rb8 22. Rd3 Nf4 23. Rd2 b4 24. cxb4 Bxb4 25. Rdd1 c5 26. dxe5 dxe5 27. Rab1 Ra8 28. Ba4 Ng6 29. Nf5 Qe6 30. Rd6 Qxa2 31. Qb3 Qxb3 32. Rxb3 Be6 33. Rb1 Rfd8 34. Rb6 Ba5 35. R6b2 Bd7 36. Bb3 Bc3 37. Rc2 Bd4 38. Bc4 Bxf5 39. exf5 Ne7 40. Rb6 Nxf5 41. Rxa6 Rxa6 42. Bxa6 Ra8 43. Bc4 Ra1+ 44. Kh2 Nd6 45. Bd5 e4 46. Nxd4 cxd4 47. Rc6 e3 48. fxe3 dxe3 49. Rc2 Rd1 50. Bf3 Rd2 51. Rc1 g5 52. Re1 Nc4 53. Be2 Ne5 54. Bd1 Rd3 55. Kg1 f5 56. Bc2 Ra3 57. Bxf5 Nc6 58. Be6+ Kg7 59. Bc4 Kf6 60. Kf1 Nd4 61. Bd5 Ke5 62. Bb7 Kf4 63. Bd5 Rc3 64. Bb7 Nf5 65. Bd5 Ng3+ 66. Kg1 h5 67. Bb7 h4 68. Bd5 Rc2 69. Bb3 Rd2 70. Bc4 Rf2 71. Bd3 Ne4 72. Bc4 Nc5 73. Bb5 Ke4 74. Bc4 Kd4 75. Bb5 Nd3 76. Rd1 Rd2 77. Ra1 e2 0-1

[Event "BEL-ch U20"]
[Site "Worriken Buetgenbach"]
[Date "2004.04.03"]
[Round "1.5"]
[White "Barbe, Tom"]
[Black "Tonneau, Francois"]
[Result "1-0"]
[WhiteElo "1822"]
[BlackElo "1486"]
[PlyCount "73"]
[EventDate "2004.04.03"]
[EventType "swiss"]
[EventRounds "9"]
[EventCountry "BEL"]
[SourceTitle "EXT 2006"]
[Source "ChessBase"]
[SourceDate "2005.11.24"]
[SourceVersion "1"]
[SourceVersionDate "2005.11.24"]
[SourceQuality "1"]

1. d4 Nf6 2. c4 e6 3. Nc3 Bb4 4. Qc2 b6 5. e4 Bb7 6. Bd3 Bxc3+ 7. bxc3 h6 8. Ba3 d6 9. Nf3 c5 10. e5 dxe5 11. Nxe5 cxd4 12. Bg6 Qc7 13. Nxf7 Rg8 14. Bd6 Qc8 15. Bxb8 Qxb8 16. Nxh6+ Kf8 17. Nxg8 Kxg8 18. 0-0 Ng4 19. g3 Ne5 20. Bh5 Qc8 21. cxd4 Qc6 22. f3 Nxc4 23. Bg6 Rc8 24. Be4 Qd7 25. Bxb7 Qxb7 26. Qe4 Qd7 27. Rfe1 Re8 28. d5 Nd6 29. dxe6 Qe7 30. Qc6 Kf8 31. Qd7 Qxd7 32. exd7 Rd8 33. Rad1 Rxd7 34. Re6 Nb7 35. Rxd7 Nc5 36. Red6 Nxd7 37. Rxd7 1-0